| 000 | 00648nam a2200217Ii 4500 | ||
|---|---|---|---|
| 003 | JO-AjNU | ||
| 008 | 230606s9999||||xx |||||||||||||| ||und|| | ||
| 020 | _a81-8209-190-x | ||
| 040 |
_aJO-AjNU _beng _erda _cJO-AjNU |
||
| 041 | _aeng | ||
| 050 | 1 | 4 | _aHG1970 2007 |
| 100 | 3 |
_aGurusamy,S, _eauthor _91366 |
|
| 245 | 0 | 0 | _aMerchant Banking and Financial Services |
| 250 | _a2 ed | ||
| 264 | 3 | 1 | _aChennai: Vijay Nicole Imprints Private Limites, 2007 |
| 300 |
_a460p _b Includes indexes(p453-460) |
||
| 336 |
_atext _btxt _2rdacontent |
||
| 337 |
_aunmediated _bn _2rdamedia |
||
| 338 |
_avolume _bnc _2rdacarrier |
||
| 650 | 4 |
_aMerchant Banking _91367 |
|
| 999 |
_aE721 _c721 _d721 |
||